=LDR 00000nam 2200000 4500 =001 INLIS000000000011934 =005 20200812080229 =035 ##$$a 0010-061300000011934 =008 200812################g##########0#ind## =041 ##$$a Ind =082 ##$$a 2x7.31 =090 ##$$a 2x7.31, muh. s =100 ##$$a Muhaimin =245 1#$$a Strategi belajar mengajar, penerapannya dalam pembelajaran pendidikan agama, /$c Muhaimin, H.Abd. gani, Nurah Rohman =260 ##$$a Surabaya :$b Citra Media,$c 1996 =300 ##$$a xii, 164 hlm., ; $c 14 x 21 cm =650 #4$$a Islam =650 #4$$a Belajar Mengajar =850 ##$$a NBPNMAT =084 ##$$a 2x7.31 MUH s =250 ##$$a cet.1 =990 ##$$a 00032089 =990 ##$$a 0001/BPAP-NTB/2016 =990 ##$$a 0001/BPAP-NTB/2016 =990 ##$$a 00091113 =990 ##$$a 00032089 =990 ##$$a 00032089 =990 ##$$a 00091113 =990 ##$$a 00032089 =990 ##$$a 00091113